000 01325cam a22001934a 4500
005 20250605164122.0
008 250528s ||||||||||||||||||||||||d
035 _a18317
020 _a471961779
040 _aGR-AtMCL
_bgre
_dGR-AtMCL
_eAACR2
245 1 _aThe Psychology of Interrogations, Confessions and Testimony
260 _bWiley,
_c1998
300 _a362
520 _aEssential reading for all those involved in the investigation of criminal allegations and trying defendants in court. Preface, Acknowledgements, Introduction, Interviewing: Basic Principles and Theory, Interrogation Tactics and Techniques, Why Do Suspects Confess?, The Role of Perception and Memory in Witness Testimony, Suggestibility: Historical and Theoretical Aspects, Interrogative Suggestibility: Empirical Findings, Psychological Techniques for Enhancing Memory Retrieval, Psychological Techniques for Evaluating Testimony and Documents, The Psychology of False Confession: Research and Theoretical Issues, The Psychology of False Confession: Case Examples, The Guiltford Four and the Birmingham Six, Legal Aspects of Disputed Confessions, Disputed Confessions: The Psychological Assessment, Summary and Conclusions, Bibliography, Index.
700 1 _aGudjonsson Gisli
_94590
942 _cBK
999 _c3680
_d3680